Statistics for The Troubles Quiz

Click here to take the quiz!

General Stats

  • This quiz has been taken 207 times
  • The average score is 11 of 14

Answer Stats

HintAnswer% Correct
What is the capital of Northern Ireland?Belfast
98%
British army murdered protesters. What's this massacre called?{Bloody} Sunday
95%
It all started because of religious differences. Which religions?Catholic
90%
What was the day called, that ended the Troubles?{Good} Friday
90%
Name the largest republican paramilitary group.PIRA
90%
Protestant
90%
Who changed Ireland's religion? His name is a colour.William of {Orange}
89%
How is Ireland called in Irish?Éire
83%
In which city did this happen?Derry
79%
This party is represented in Ireland and Northern Ireland.Sinn Féin
71%
What is the symbol of the Ulster?Red {Hand}
65%
Which African dictator supplied the PIRA with weapons?Muammar Gaddafi
50%
PIRA created a protective area there. What was it called?Free Derry
41%
What is the term for Ireland having an own government?Home Rule
40%

Score Distribution

Percentile by Number Answered

Percent of People with Each Score

Your Score History

You have not taken this quiz